01824nam a2200421Ia 4500001001200000003000800012006001900020007001500039008004100054010001700095020003500112020001800147020001800165040002100183035002100204050002300225082002200248100001800270245010700288260006100395300002600456490002700482504006400509533015200573600006500725610004800790650003300838650004000871650006700911650006300978651003501041651005801076651004701134655002901181710001701210830004901227856012601276ebr10721342CaPaEBRm o u cr cn|||||||||040109s2004 miua sb s001 0 eng d z 2004000274 z0870136844 (pbk. : alk. paper) z9780870136849 z9780870138836 aCaPaEBRcCaPaEBR a(OCoLC)60688996514aE99.C9bA34 2004eb04a976.004/973872221 aAkers, Donna.10aLiving in the land of deathh[electronic resource] :bthe Choctaw nation, 1830-1860 /cDonna L. Akers. aEast Lansing :bMichigan State University Press,cc2004. axxvii, 202 p. :bill.1 aNative American series aIncludes bibliographical references (p. 173-195) and index. aElectronic reproduction.bPalo Alto, Calif. :cebrary,d2013.nAvailable via World Wide Web.nAccess may be limited to ebrary affiliated libraries.10aJackson, Andrew,d1767-1845xRelations with Choctaw Indians.10aUnited States.tIndian Removal Act of 1830. 0aChoctaw IndiansxRelocation. 0aChoctaw IndiansxSocial conditions. 0aIndians, Treatment ofzSouthern StatesxHistoryy19th century. 0aIndians of North AmericaxGovernment relationsy1789-1869. 0aUnited StatesxRace relations. 0aUnited StatesxPolitics and governmenty19th century. 0aUnited StatesxSocial conditionsyTo 1865. 7aElectronic books.2local2 aebrary, Inc. 0aNative American series (East Lansing, Mich.)40uhttp://site.ebrary.com/lib/rucke/Doc?id=10721342zAn electronic book accessible through the World Wide Web; click to view